| 000 | 00323nam a22001337a 4500 | ||
|---|---|---|---|
| 020 | _a0471184764 | ||
| 040 | _cNust | ||
| 082 |
_a540.21 _bBRA |
||
| 100 |
_aBrady _9127426 |
||
| 245 |
_aChemistry _bMatter and it's changes |
||
| 260 |
_aNew York: _bjohn Willey and sons, _c2000. |
||
| 650 | _aChemistry | ||
| 942 |
_2ddc _cBK |
||
| 999 |
_c612556 _d612556 |
||